|
|
|
|
| LEADER |
00685nta a2200181 i 4500 |
| 001 |
dipl93010 |
| 005 |
20200918152748.0 |
| 008 |
200918s2013 hu om 0|| zxx d |
| 040 |
|
|
|a SZTE Diploma Repozitórium
|b hun
|
| 041 |
|
|
|a zxx
|
| 100 |
1 |
|
|a Kocsondi Csilla
|
| 245 |
1 |
0 |
|a Hypertensio essentialis és életmódi szokások összefüggése adott populációban
|h [elektronikus dokumentum] /
|c Csilla Kocsondi
|
| 260 |
|
|
|c 2013
|
| 650 |
|
4 |
|a Orvos- és egészségtudományok
|
| 650 |
|
4 |
|a Medical and health sciences
|
| 650 |
|
4 |
|a Health sciences
|
| 700 |
2 |
|
|a Pintérné Jármay Katalin
|e ths
|
| 856 |
4 |
0 |
|u http://diploma.bibl.u-szeged.hu/id/eprint/93010/1/2013_kocsondi_csilla.pdf
|z Dokumentum-elérés
|